00805nam a2200229 45000010005000000030008000050050017000130080039000300350018000690400023000870410008001100820025001181110049001432450151001922600060003433000027004033500010004305260014004406500049004546510047005037000025005504654BD-RjUL20211208233930.0131223s1968 pk a 100 0 eng a(BD-RjUL)4689 aDLCcDLCdDLCbeng aeng00a658.009549bMAN 19682 aManagement Convention,b2d,cKarachi,d1968.10aManagement and national growth :bproceedings of the Second Management Convention held at Karachi, April 24 and 25, 1968./cEditor: M. Akram Khan. aKarachi :bWest Pakistan Management Association,c1968. a218 p.billus.c22 cm. a10.00 bEconomics 0aIndustrial managementzPakistanxCongresses. 0aPakistanxEconomic conditionsxCongresses.1 aAkram Khan, M.,eed.